书目信息 |
| 题名: |
色彩构成设计
|
|
| 作者: | 杨仁敏 编著 | |
| 分册: | ||
| 出版信息: | 郑州 河南美术出版社 1997.05 |
|
| 页数: | 130页 | |
| 开本: | 20cm | |
| 丛书名: | ||
| 单 册: | ||
| 中图分类: | J063 | |
| 科图分类: | ||
| 主题词: | 美术理论 | |
| 电子资源: | ||
| ISBN: | 7-5401-0577-1 | |
| 000 | 00542nam0 2200193 450 | |
| 001 | 1836716542 | |
| 005 | 20180426101305.78 | |
| 010 | @a7-5401-0577-1@dCNY28.00 | |
| 100 | @a20180426d1997 km y0chiy0120 ea | |
| 101 | 0 | @achi |
| 102 | @aCN@b410000 | |
| 200 | 1 | @a色彩构成设计@Ase cai gou cheng she ji@f杨仁敏编著@Fyang ren min bian zhu |
| 210 | @a郑州@c河南美术出版社@d1997.05 | |
| 215 | @a130页@d20cm | |
| 606 | 0 | @a美术理论 |
| 690 | @aJ063@v4 | |
| 701 | 0 | @a杨仁敏@Ayang ren min@4编著 |
| 801 | 0 | @aCN@bMUSE@c20180426 |
| 905 | @aMUSE@dJ063@eY254 | |
| 色彩构成设计/杨仁敏编著.-郑州:河南美术出版社,1997.05 |
| 130页;20cm |
| ISBN 7-5401-0577-1:CNY28.00 |
| ● |
| 相关链接 |
|
|
|
正题名:色彩构成设计
索取号:J063/Y254
 
预约/预借
| 序号 | 登录号 | 条形码 | 馆藏地/架位号 | 状态 | 备注 |
| 1 | 1299285 | 212992859 | 建筑与城市规划学院资料室/ [索取号:J063/Y254] | 在馆 |